Online
Catalog

África y discurso de identidad en el caribe / (Record no. 48270)

MARC details
000 -CABECERA
campo de control de longitud fija 00831nam a2200229 a 4500
001 - NÚMERO DE CONTROL
campo de control 000048782
005 - FECHA Y HORA DE LA ÚLTIMA TRANSACCIÓN
campo de control 20201002061414.0
008 - DATOS DE LONGITUD FIJA--INFORMACIÓN GENERAL
campo de control de longitud fija 190412s2016 dr 000 0 spa d
020 ## - NÚMERO INTERNACIONAL ESTÁNDAR DEL LIBRO
Número Internacional Estándar del Libro 9788460881155
040 ## - FUENTE DE LA CATALOGACIÓN
Centro catalogador/agencia de origen DO-SdBNP
Lengua de catalogación spa
Centro/agencia transcriptor BNPHU
082 ## - NÚMERO DE LA CLASIFICACIÓN DECIMAL DEWEY
Número de clasificación xxx
Número de documento/Ítem M617a
100 1# - ENTRADA PRINCIPAL--NOMBRE DE PERSONA
Nombre de persona Mezilas, Glodel
9 (RLIN) 76236
245 10 - MENCIÓN DE TÍTULO
Título África y discurso de identidad en el caribe /
Mención de responsabilidad, etc. Glodel Mezilas.
260 ## - PUBLICACIÓN, DISTRIBUCIÓN, ETC.
Lugar de publicación, distribución, etc. España :
Nombre del editor, distribuidor, etc. Solenodonte,
-- Mínimas,
Fecha de publicación, distribución, etc. 2016.
300 ## - DESCRIPCIÓN FÍSICA
Extensión 64 p. ;
Dimensiones 21 cm.
490 1# - MENCIÓN DE SERIE
Mención de serie Ediciones de ACUDEBI;
500 ## - NOTA GENERAL
Nota general Incluye datos biografícos del autor en la solapa de la portada.
500 ## - NOTA GENERAL
Nota general Incluye notas a pie de páginas
590 ## - NOTA LOCAL (RLIN)
Nota local Inventariado, 2019/ YL
500 ## - NOTA GENERAL
Nota general Asociación Cultural y de Cooperación al Desarrollo de la Biblioteca República Dominicana (ACUDEBI).
830 #0 - PUNTO DE ACCESO ADICIONAL DE SERIE-TÍTULO UNIFORME
Título uniforme Ediciones de ACUDEBI
9 (RLIN) 76232
Holdings
Estado de retiro Estado de pérdida No para préstamo Código de colección Localización permanente Ubicación/localización actual Ubicación en estantería Fecha de adquisición Número de inventario Total de préstamos Signatura topográfica completa Código de barras Fecha visto por última vez Precio válido a partir de Tipo de ítem Koha
      Patrimonio Dominicano Patrimonio Dominicano Patrimonio Dominicano Orden iniciada 12.04.2019 LF1   xxx M617a 48782-10 25.06.2020 25.06.2020 Libro y Folleto Colección Patrimonio Dominicano

Powered by Koha